00634 2200229 4500001002100000005001700021008004100038035002400079090001500103100002200118245008000140250001100220260004100231300002500272500002700297650001000324700001900334850001500353980001500368985000600383999001500389YOGYA-0209000003616820090227025107.0 ind  0010-020900000036168 a922bBod B aBode-Diederich, L aBeberapa pemberita ..cdiceritakan oleh L. Bode-Diederich dan Barus Siregar aCet. 1 aJakartabBadan Penerbit Kristenc19. a127 hlmbilusc21 cm aBibliografi : hlm. 127 aInjil aSiregar, Barus aYOPDYOG(B) a11-03-2006 a1 ab000055245